000 02180nam0a2200385 4500
001 RU\NLR\BIBL_A\012539072
005 20210719114648.0
010 _a978-5-6044348-6-4
_9300
021 _aRU
_bКН-П-21-003086
_9КН-П-21-0234
035 _a(NLR Aleph) 012539072
035 _a(RuMoRGB)010562260
090 _a12394771
_c12394771
100 _a20210607d2020 k y0rusy50 ca
101 0 _arus
_deng
102 _aRU
105 _aa z 000yy
181 0 _ai
_baxxe
182 0 _an
200 1 _aПтицы Татарстана
_dBirds of Tatarstan
_eчисленность, распределение
_eотряд воробьинообразные Passeriformes, семейства: корольковые Regulidae, ополовники Aegithalidae, ремизовые Remisidae, синицевые Paridae, ткачиковые Ploceidae, врановые Corvidae; Columba livia L.
_fВ. Г. Ивлиев
_gответственный редактор доктор биологических наук Ю. С. Равкин
_gРоссийская академия наук, Сибирское отделение, Институт систематики и экологии животных, Академия наук Республики Татарстан, Институт проблем экологии и недропользования
_zeng
203 _aТекст
_bвизуальный
_cнепосредственный
210 _aНовосибирск
_cСО РАН
_d2020
215 _a311, [3] с.
_cил., табл.
_d27
300 _aАвт. также на англ. яз.: V.G. Ivliev
300 _aРез. на англ. яз.
320 _aБиблиогр. в конце кн.
510 1 _6z01790
_aBirds of Tatarstan
_zeng
606 1 _aПтицы
_yТатарстан, Республика
_2nlr_sh2
_3RU\NLR\AUTH\6601690264
686 1 _aЕ693.35(2Р354-6Т)
700 1 _aИвлиев
_bВ. Г.
_gВладимир Георгиевич
790 1 _6z01510
_aIvliev
_bV. G.
_gVladimir Georgievič
942 _cBOOK
980 _aNBR
980 _aNB